East African Agriculture : (Record no. 20153)
[ view plain ]
| 000 -LEADER | |
|---|---|
| fixed length control field | 00444nam a22001697a 4500 |
| 008 - FIXED-LENGTH DATA ELEMENTS--GENERAL INFORMATION | |
| fixed length control field | 230525b |||||||| |||| 00| 0 eng d |
| 020 ## - INTERNATIONAL STANDARD BOOK NUMBER | |
| International Standard Book Number | 978-0333488645 |
| 050 ## - LIBRARY OF CONGRESS CALL NUMBER | |
| Classification number | S517 |
| Item number | .N48 1990 |
| 100 ## - MAIN ENTRY--PERSONAL NAME | |
| Personal name | Ngugi, D. |
| 245 ## - TITLE STATEMENT | |
| Title | East African Agriculture : |
| Statement of responsibility, etc. | A textbook for secondary schools/ |
| 250 ## - EDITION STATEMENT | |
| Edition statement | 3rd ed. |
| 260 ## - PUBLICATION, DISTRIBUTION, ETC. (IMPRINT) | |
| Place of publication, distribution, etc. | London |
| Name of publisher, distributor, etc. | Macmillan |
| Date of publication, distribution, etc. | 1990 |
| 300 ## - PHYSICAL DESCRIPTION | |
| Extent | vi, 330p. |
| 700 ## - ADDED ENTRY--PERSONAL NAME | |
| Personal name | Karau, P. K. |
| 700 ## - ADDED ENTRY--PERSONAL NAME | |
| Personal name | Nguyo, W. |
| 942 ## - ADDED ENTRY ELEMENTS (KOHA) | |
| Source of classification or shelving scheme | Library of Congress Classification |
| Koha item type | General Collection |
| Withdrawn status | Lost status | Source of classification or shelving scheme | Not for loan | Home library | Current library | Date acquired | Cost, normal purchase price | Inventory number | Total Checkouts | Full call number | Barcode | Date last seen | Copy number | Price effective from | Koha item type |
|---|---|---|---|---|---|---|---|---|---|---|---|---|---|---|---|
| Library of Congress Classification | Kabarak, Main Campus | Kabarak, Main Campus | 25/05/2023 | 3831.00 | 0028/2022 | S517 .N48 1990 C.1 | 031471 | 25/05/2023 | C.1 | 25/05/2023 | General Collection |